00531nam a2200205Ia 450000500170000000800460001703700110006304000080007404000080008204000080009004100080009804100080010608400080011410000330012224500620015526000090021730000080022665000090023470000820024320260430150305.0008 250103s9999 xx 000 0 eng d aTheses aCRL beng ceng 2eng aeng qCRL aJhamb Garvita Au.; Meera Gu. 2aA Scientometric Study of Periodical Literature in Geology c2023 a385 aArts aUnversity of Delhi. Faculty of Arts. Deptt.of Library and Information Science